[Event "29th Metz Open - A"]
[Site "Longeville-les-Metz"]
[Date "2011.05.05"]
[Round "5.2"]
[White "Eingorn, Vereslav S"]
[Black "Gupta, Abhijeet"]
[Result "1/2-1/2"]
[WhiteElo "2558"]
[BlackElo "2604"]
[PlyCount "124"]
[EventDate "2011.05.02"]
[Source "Roland WIMMER, Pierre BECKER (FA)"]
[SourceDate "2011.05.18"]

1. Nf3 Nf6 2. c4 g6 3. Nc3 d5 4. cxd5 Nxd5 5. Qa4+ Bd7 6. Qh4 Bc6 7. Qd4 Rg8 8.
Ne5 e6 9. e4 Nb4 10. Qxd8+ Kxd8 11. Kd1 Be8 12. d4 Nd7 13. Nd3 c5 14. dxc5 Nxd3
15. Bxd3 Bxc5 16. Ke2 Ke7 17. Be3 Bxe3 18. Kxe3 Ne5 19. h4 Nxd3 20. Kxd3 Bc6
21. Ke3 a5 22. Rac1 Ra6 23. f3 Rb6 24. b3 f5 25. Rhd1 Rd8 26. Rxd8 Kxd8 27. g4
fxg4 28. fxg4 Ke7 29. g5 Ra6 30. e5 Rb6 31. Rd1 a4 32. bxa4 Ra6 33. Rb1 Ra5 34.
Kd4 Ra8 35. Rb6 Kd7 36. Rb4 Rf8 37. Ne4 Rf4 38. Ke3 Rf5 39. Kd4 Rf4 40. Ke3 Rf5
41. Nc5+ Ke7 42. Nd3 Rf3+ 43. Kd2 Rh3 44. Nc5 Rh2+ 45. Kc3 Rh3+ 46. Kd2 Rh2+
47. Kc3 Rh3+ 48. Nd3 Rh2 49. Rd4 Rxa2 50. Nb4 Ra3+ 51. Kb2 Re3 52. Nxc6+ bxc6
53. a5 Rxe5 54. Ra4 Rb5+ 55. Kc3 Kd6 56. a6 Rb8 57. a7 Ra8 58. Kd4 e5+ 59. Ke4
Ke6 60. Ra2 Kd6 61. Ra1 Ke6 62. Ra3 Kd6 1/2-1/2

[Event "29th Metz Open - A"]
[Site "Longeville-les-Metz"]
[Date "2011.05.05"]
[Round "5.4"]
[White "Mikhalevski, Victor"]
[Black "Rotstein, Arkadij"]
[Result "1-0"]
[WhiteElo "2577"]
[BlackElo "2547"]
[PlyCount "63"]
[EventDate "2011.05.02"]
[Source "Roland WIMMER, Pierre BECKER (FA)"]
[SourceDate "2011.05.18"]

1. d4 Nf6 2. c4 e6 3. g3 d5 4. Nf3 dxc4 5. Bg2 Bb4+ 6. Bd2 c5 7. dxc5 Bxc5 8.
Qa4+ Nbd7 9. O-O O-O 10. Qxc4 b5 11. Qh4 Bb7 12. Nc3 Be7 13. Ng5 Bxg2 14. Kxg2
Rc8 15. Rfd1 Rc4 16. Qh3 Qb6 17. Kg1 b4 18. Na4 Qc6 19. b3 Rc2 20. Qh4 h6 21.
Nf3 Nd5 22. Qe4 N5f6 23. Qd3 e5 24. Ne1 Rxd2 25. Qxd2 e4 26. Rac1 Qe6 27. Ng2
Ne5 28. Qd4 Ng6 29. Qxa7 Qh3 30. Ne3 Re8 31. Qa5 Nh7 32. Qf5 1-0

[Event "29th Metz Open - A"]
[Site "Longeville-les-Metz"]
[Date "2011.05.05"]
[Round "5.6"]
[White "Nguyen, Chi-Minh"]
[Black "Miezis, Normunds"]
[Result "1/2-1/2"]
[WhiteElo "2381"]
[BlackElo "2542"]
[PlyCount "48"]
[EventDate "2011.05.02"]
[Source "Roland WIMMER, Pierre BECKER (FA)"]
[SourceDate "2011.05.18"]

1. d4 Nf6 2. c4 e5 3. dxe5 Ng4 4. Nf3 Bc5 5. e3 Nc6 6. Be2 Ncxe5 7. Nxe5 Nxe5
8. Nc3 O-O 9. O-O Re8 10. b3 a5 11. Bb2 Ra6 12. Qd5 Ba7 13. Ne4 Rae6 14. Qxa5
Bb8 15. Ng3 Qh4 16. Bxe5 Rxe5 17. Qa8 d6 18. Qxb8 Qe7 19. Qa7 b6 20. a4 Ra5 21.
Qb8 Ba6 22. Qa7 Bc8 23. Qb8 Ba6 24. Qa7 Bc8 1/2-1/2

[Event "29th Metz Open - A"]
[Site "Longeville-les-Metz"]
[Date "2011.05.05"]
[Round "5.8"]
[White "Jolly, Jean-Francois"]
[Black "Savchenko, Stanislav"]
[Result "1/2-1/2"]
[WhiteElo "2357"]
[BlackElo "2510"]
[PlyCount "63"]
[EventDate "2011.05.02"]
[Source "Roland WIMMER, Pierre BECKER (FA)"]
[SourceDate "2011.05.18"]

1. e4 c5 2. Nf3 d6 3. d4 cxd4 4. Nxd4 Nf6 5. Nc3 a6 6. Be2 e6 7. O-O Nc6 8. Be3
Be7 9. f4 O-O 10. Kh1 Bd7 11. a4 Nxd4 12. Bxd4 Bc6 13. Bd3 Nd7 14. a5 e5 15.
Be3 exf4 16. Bxf4 Ne5 17. Bxe5 dxe5 18. Qh5 g6 19. Qxe5 Bd6 20. Qd4 Qc7 21. h3
Be5 22. Qe3 Bxc3 23. bxc3 Qe5 24. Qd4 Rae8 25. Rfb1 Re7 26. Rb6 Rc8 27. Qb4 Kg7
28. Rf1 Rcc7 29. Rb1 h5 30. Qd4 Kg8 31. Qb4 Kg7 32. Qd4 1/2-1/2

[Event "29th Metz Open - A"]
[Site "Longeville-les-Metz"]
[Date "2011.05.05"]
[Round "5.10"]
[White "Shirazi, Kamran"]
[Black "Michiels, Bart"]
[Result "0-1"]
[WhiteElo "2369"]
[BlackElo "2484"]
[PlyCount "54"]
[EventDate "2011.05.02"]
[Source "Roland WIMMER, Pierre BECKER (FA)"]
[SourceDate "2011.05.18"]

1. e4 c6 2. d4 d5 3. Nc3 dxe4 4. Nxe4 Bf5 5. Nc5 b6 6. Nb3 Nf6 7. Nf3 e6 8. h3
Be7 9. c3 h6 10. a4 O-O 11. g4 Bh7 12. g5 hxg5 13. Nxg5 Bf5 14. Bg2 Nd5 15. h4
Nd7 16. Bd2 Rc8 17. Qe2 c5 18. Bh3 N7f6 19. h5 Nxc3 20. Bxc3 Qd5 21. Qf3 Qxb3
22. Bxf5 exf5 23. h6 cxd4 24. hxg7 Rfe8 25. Rh8+ Kxg7 26. Rxe8 Rxe8 27. Qg2 Ng4
0-1

[Event "29th Metz Open - A"]
[Site "Longeville-les-Metz"]
[Date "2011.05.05"]
[Round "5.11"]
[White "Spirin, Oleg"]
[Black "Praveen Kumar, C."]
[Result "1-0"]
[WhiteElo "2479"]
[BlackElo "2358"]
[PlyCount "75"]
[EventDate "2011.05.02"]
[Source "Roland WIMMER, Pierre BECKER (FA)"]
[SourceDate "2011.05.18"]

1. Nf3 e6 2. c4 Nf6 3. g3 b6 4. Bg2 Bb7 5. d4 Be7 6. O-O O-O 7. Re1 d5 8. cxd5
exd5 9. Nc3 Nbd7 10. Bf4 c5 11. Ne5 cxd4 12. Qxd4 Bc5 13. Qa4 Nxe5 14. Bxe5 Qe7
15. Bd4 a6 16. Rad1 Rfd8 17. e3 Ne4 18. Nxe4 dxe4 19. Bxc5 bxc5 20. Qc2 h6 21.
b3 a5 22. Bf1 Bc6 23. h4 Qe5 24. Rc1 Rd5 25. Red1 Rc8 26. Bc4 Rxd1+ 27. Rxd1
Rb8 28. a4 g5 29. hxg5 hxg5 30. Qd2 Kg7 31. Qd6 Qxd6 32. Rxd6 Rc8 33. g4 Rc7
34. Kg2 Kf8 35. Rf6 Be8 36. Rf5 Ke7 37. Re5+ Kf6 38. Rxe8 1-0

[Event "29th Metz Open - A"]
[Site "Longeville-les-Metz"]
[Date "2011.05.05"]
[Round "5.13"]
[White "Gladyszev, Oleg"]
[Black "Peric, Slavisa"]
[Result "1-0"]
[WhiteElo "2472"]
[BlackElo "2227"]
[PlyCount "67"]
[EventDate "2011.05.02"]
[Source "Roland WIMMER, Pierre BECKER (FA)"]
[SourceDate "2011.05.18"]

1. d4 Nf6 2. c4 e6 3. Nc3 Bb4 4. Qc2 O-O 5. a3 Bxc3+ 6. Qxc3 b6 7. Bg5 Bb7 8.
f3 d6 9. e4 Nbd7 10. Nh3 e5 11. Be2 h6 12. Be3 a5 13. b3 Qe7 14. O-O c5 15. d5
g5 16. Nf2 Kg7 17. Nh1 Bc8 18. Ng3 Nb8 19. b4 Rg8 20. bxc5 bxc5 21. Rab1 Kf8
22. Rb5 Qc7 23. Rfb1 h5 24. Qd2 g4 25. Bxc5 dxc5 26. d6 Qa7 27. Qh6+ Ke8 28.
Qxf6 Nc6 29. Rb6 Rg6 30. Qh8+ Kd7 31. Qf8 Rxd6 32. Nf5 Rf6 33. Qg7 Rxf5 34.
exf5 1-0

[Event "29th Metz Open - A"]
[Site "Longeville-les-Metz"]
[Date "2011.05.05"]
[Round "5.14"]
[White "Guedon, Stephane"]
[Black "Zienkiewicz, Alexandre"]
[Result "1/2-1/2"]
[WhiteElo "2253"]
[BlackElo "2069"]
[PlyCount "60"]
[EventDate "2011.05.02"]
[Source "Roland WIMMER, Pierre BECKER (FA)"]
[SourceDate "2011.05.18"]

1. d4 f5 2. c4 Nf6 3. Nf3 e6 4. Qc2 d5 5. Nc3 c6 6. Bf4 Ne4 7. e3 Nd7 8. Bd3 g5
9. Be5 Nxe5 10. Nxe5 Bg7 11. O-O-O Bxe5 12. dxe5 Qa5 13. Kb1 Nxc3+ 14. Qxc3
Qxc3 15. bxc3 Bd7 16. Rd2 Ke7 17. Rb2 Rab8 18. Kc2 Kd8 19. a4 Kc7 20. a5 b6 21.
Ra1 b5 22. cxb5 cxb5 23. Rab1 a6 24. h4 g4 25. Rb4 h5 26. Kd2 Bc6 27. Rd4 Rhg8
28. g3 Rg7 29. Rdb4 Rgg8 30. Rd4 Rg7 1/2-1/2

[Event "29th Metz Open - A"]
[Site "Longeville-les-Metz"]
[Date "2011.05.05"]
[Round "5.16"]
[White "Migot, Tangi"]
[Black "Marzolf, Bruno"]
[Result "0-1"]
[WhiteElo "2272"]
[BlackElo "2254"]
[PlyCount "132"]
[EventDate "2011.05.02"]
[Source "Roland WIMMER, Pierre BECKER (FA)"]
[SourceDate "2011.05.18"]

1. e4 e5 2. Nf3 Nc6 3. Bb5 a6 4. Ba4 Nf6 5. d3 d6 6. c3 g6 7. O-O Bg7 8. Re1
O-O 9. Nbd2 Nd7 10. Nf1 Nc5 11. Bc2 Ne6 12. h3 Kh8 13. Ng3 d5 14. Bb3 d4 15.
Bd5 Qd6 16. Nd2 Bd7 17. Nc4 Qe7 18. Bd2 Ncd8 19. Na5 Rb8 20. Bxe6 Nxe6 21. Nb3
dxc3 22. bxc3 Bb5 23. Qc2 Rfd8 24. c4 Ba4 25. Be3 Rd7 26. Rad1 Rbd8 27. Rd2 Qb4
28. Red1 h5 29. Ne2 Kh7 30. Nc3 Bxb3 31. Qxb3 Qxb3 32. axb3 Bf8 33. Nd5 Kg7 34.
Kf1 a5 35. Ke2 Bc5 36. Ra2 b6 37. Bxc5 Nxc5 38. b4 axb4 39. Nxb4 Ne6 40. g3 Ng5
41. h4 Nxe4 42. Rc1 Nc5 43. Ra7 Nxd3 44. Nxd3 Rxd3 45. Rxc7 Rd2+ 46. Kf1 Rb2
47. c5 bxc5 48. R7xc5 Rdd2 49. Rxe5 Rxf2+ 50. Ke1 Rg2 51. Kf1 Rxg3 52. Re4 Rh2
53. Rcc4 Rb3 54. Kg1 Rd2 55. Re1 Rg3+ 56. Kf1 Rg4 57. Ree4 Rxe4 58. Rxe4 Kf6
59. Ra4 Ke5 60. Ra5+ Rd5 61. Ra4 Rd4 62. Ra5+ Ke6 63. Kg2 Rxh4 64. Ra6+ Ke7 65.
Ra7+ Kf8 66. Kg3 Rb4 0-1

[Event "29th Metz Open - A"]
[Site "Longeville-les-Metz"]
[Date "2011.05.05"]
[Round "5.17"]
[White "Schweitzer, Viktoriya"]
[Black "Frick, Christoph"]
[Result "1-0"]
[WhiteElo "2230"]
[BlackElo "2190"]
[PlyCount "67"]
[EventDate "2011.05.02"]
[Source "Roland WIMMER, Pierre BECKER (FA)"]
[SourceDate "2011.05.18"]

1. e4 g6 2. d4 Bg7 3. Nf3 d6 4. Bc4 e6 5. O-O Ne7 6. Bb3 Nd7 7. Nc3 O-O 8. Bf4
h6 9. Qd2 Kh7 10. Rad1 b6 11. Rfe1 Bb7 12. Qe2 a6 13. a4 Qe8 14. h4 Rd8 15. Bc4
Ra8 16. Bd3 e5 17. dxe5 dxe5 18. Be3 Nc5 19. Bxc5 bxc5 20. Bc4 f5 21. Qe3 fxe4
22. Nd2 Nf5 23. Qxc5 e3 24. fxe3 Bxg2 25. Kxg2 Nxh4+ 26. Kh1 Rd8 27. Re2 e4 28.
Rh2 Rf5 29. Qxc7 Rd7 30. Qb6 Bxc3 31. Rxh4 Qe7 32. Rh2 Bxd2 33. Qe6 Rc5 34.
Qg8# 1-0

[Event "29th Metz Open - A"]
[Site "Longeville-les-Metz"]
[Date "2011.05.05"]
[Round "5.18"]
[White "Pucher, Sebastien"]
[Black "Carrillo, Jesus"]
[Result "1-0"]
[WhiteElo "2227"]
[BlackElo "2118"]
[PlyCount "71"]
[EventDate "2011.05.02"]
[Source "Roland WIMMER, Pierre BECKER (FA)"]
[SourceDate "2011.05.18"]

1. e4 c5 2. Nf3 d6 3. d4 cxd4 4. Nxd4 Nf6 5. Nc3 a6 6. h3 e6 7. g4 Be7 8. Bg2
Nfd7 9. Be3 Nc6 10. Qe2 O-O 11. O-O-O Nxd4 12. Bxd4 b5 13. e5 d5 14. Qe3 Bb7
15. Kb1 Rc8 16. f4 Qc7 17. Rc1 Bc5 18. Ne2 b4 19. Rhe1 Rfe8 20. Bxc5 Nxc5 21.
Nd4 Qb6 22. f5 exf5 23. gxf5 Ne4 24. e6 Rc3 25. bxc3 Nxc3+ 26. Ka1 fxe6 27. Nb3
Qb5 28. Qc5 e5 29. a3 e4 30. Qxb5 axb5 31. axb4 Ra8+ 32. Na5 Bc8 33. Re3 Na4
34. Rd1 Nb6 35. Bf1 Bxf5 36. Bxb5 1-0

[Event "29th Metz Open - A"]
[Site "Longeville-les-Metz"]
[Date "2011.05.05"]
[Round "6.1"]
[White "Solodovnichenko, Yuri"]
[Black "Svetushkin, Dmitry"]
[Result "1-0"]
[WhiteElo "2574"]
[BlackElo "2561"]
[PlyCount "99"]
[EventDate "2011.05.02"]
[Source "Roland WIMMER, Pierre BECKER (FA)"]
[SourceDate "2011.05.18"]

1. e4 c6 2. d4 d5 3. exd5 cxd5 4. c4 Nf6 5. Nc3 e6 6. Nf3 Bb4 7. cxd5 Nxd5 8.
Qc2 Nc6 9. Bd3 Ba5 10. a3 h6 11. O-O Nce7 12. Ne5 O-O 13. Be3 Bd7 14. Rac1 Rc8
15. Qb3 Bb6 16. Bc4 Bc6 17. Nxc6 Rxc6 18. Na4 Nf5 19. Bxd5 Qxd5 20. Qxd5 exd5
21. Rxc6 bxc6 22. Nxb6 axb6 23. Rc1 Rc8 24. Kf1 Kf8 25. Ke2 Ke7 26. Kd3 Nxe3
27. fxe3 Kd6 28. Rf1 Ke6 29. g4 f6 30. a4 c5 31. dxc5 bxc5 32. Ra1 Kd6 33. a5
Ra8 34. e4 dxe4+ 35. Kxe4 Kc6 36. Kf5 Kb5 37. Kg6 Ka6 38. Kxg7 Rb8 39. Kxf6
Rxb2 40. h4 c4 41. Rc1 Kb5 42. Kg6 Rg2 43. Kh5 Kb4 44. Ra1 Rd2 45. a6 Rd8 46.
a7 Ra8 47. Kxh6 c3 48. g5 c2 49. g6 Rxa7 50. Rc1 1-0

[Event "29th Metz Open - A"]
[Site "Longeville-les-Metz"]
[Date "2011.05.05"]
[Round "6.3"]
[White "Eingorn, Vereslav S"]
[Black "Mikhalevski, Victor"]
[Result "1/2-1/2"]
[WhiteElo "2558"]
[BlackElo "2577"]
[PlyCount "44"]
[EventDate "2011.05.02"]
[Source "Roland WIMMER, Pierre BECKER (FA)"]
[SourceDate "2011.05.18"]

1. Nf3 Nf6 2. c4 g6 3. Nc3 d5 4. cxd5 Nxd5 5. Qa4+ Bd7 6. Qh4 Nxc3 7. dxc3 Nc6
8. e4 e5 9. Bg5 Be7 10. Bc4 h5 11. Bxe7 Qxe7 12. O-O-O Qxh4 13. Nxh4 Rd8 14.
Nf3 Ke7 15. h3 h4 16. Bd5 f6 17. Rhe1 b6 18. Nh2 Nb8 19. Bc4 Bc6 20. Bd5 Bd7
21. Bc4 Bc6 22. Bd5 Bd7 1/2-1/2

[Event "29th Metz Open - A"]
[Site "Longeville-les-Metz"]
[Date "2011.05.05"]
[Round "6.4"]
[White "Aguettaz, Maxime"]
[Black "Kravtsiv, Martyn"]
[Result "1/2-1/2"]
[WhiteElo "2417"]
[BlackElo "2565"]
[PlyCount "62"]
[EventDate "2011.05.02"]
[Source "Roland WIMMER, Pierre BECKER (FA)"]
[SourceDate "2011.05.18"]

1. Nf3 Nf6 2. c4 e6 3. Nc3 Bb4 4. Qc2 O-O 5. a3 Bxc3 6. Qxc3 b6 7. e3 Bb7 8.
Be2 d6 9. b4 Nbd7 10. Bb2 c5 11. O-O Qe7 12. d3 Rac8 13. b5 e5 14. a4 a5 15.
bxa6 Bxa6 16. Rfe1 Rfe8 17. Nd2 Bb7 18. a5 bxa5 19. Qxa5 Ra8 20. Qc3 Nf8 21.
Rxa8 Bxa8 22. Ra1 Ne6 23. Qb3 h6 24. Bc3 Nd4 25. exd4 exd4 26. Bf3 dxc3 27.
Qxc3 Bxf3 28. Nxf3 Ng4 29. Re1 Qd7 30. h3 Rxe1+ 31. Qxe1 Nf6 1/2-1/2

[Event "29th Metz Open - A"]
[Site "Longeville-les-Metz"]
[Date "2011.05.05"]
[Round "6.5"]
[White "Rotstein, Arkadij"]
[Black "Venkatesh, Marami Rajendran"]
[Result "0-1"]
[WhiteElo "2547"]
[BlackElo "2463"]
[PlyCount "96"]
[EventDate "2011.05.02"]
[Source "Roland WIMMER, Pierre BECKER (FA)"]
[SourceDate "2011.05.18"]

1. c4 Nf6 2. Nf3 e6 3. g3 d5 4. Bg2 dxc4 5. Qa4+ c6 6. Qxc4 b5 7. Qb3 Bb7 8. d4
a6 9. O-O c5 10. dxc5 Bxc5 11. a4 Nbd7 12. axb5 Bd5 13. Qd1 axb5 14. Rxa8 Qxa8
15. Nc3 Bc6 16. Ne1 b4 17. Bxc6 Qxc6 18. Na4 Be7 19. Nd3 O-O 20. Bd2 Rb8 21. b3
Ne4 22. Bf4 Rc8 23. Nab2 Nb6 24. Ne5 Qc3 25. Nec4 Nxc4 26. Nxc4 Nc5 27. Na5 Bd8
28. Nc6 Bf6 29. Be5 Bxe5 30. Ne7+ Kh8 31. Nxc8 Bf6 32. Nd6 Kg8 33. e3 Be7 34.
Nc8 Bf8 35. Qd8 g6 36. Qe8 Kg7 37. Rd1 Qxb3 38. Rd4 Qb1+ 39. Kg2 Nd3 40. Qb5
Ne1+ 41. Kh3 Nf3 42. Kg2 Nxd4 43. Qe5+ Kg8 44. Qxd4 Qc2 45. Nb6 b3 46. Nc4 e5
47. Qd5 b2 48. Nxe5 Qf5 0-1

[Event "29th Metz Open - A"]
[Site "Longeville-les-Metz"]
[Date "2011.05.05"]
[Round "6.6"]
[White "Miezis, Normunds"]
[Black "Spirin, Oleg"]
[Result "0-1"]
[WhiteElo "2542"]
[BlackElo "2479"]
[PlyCount "110"]
[EventDate "2011.05.02"]
[Source "Roland WIMMER, Pierre BECKER (FA)"]
[SourceDate "2011.05.18"]

1. c4 Nf6 2. Nc3 g6 3. g3 Bg7 4. Bg2 d6 5. e4 O-O 6. Nge2 c5 7. a3 Nc6 8. O-O
Ne8 9. Rb1 a5 10. d3 Nc7 11. f4 Bg4 12. h3 Bxe2 13. Nxe2 Ne6 14. Nc3 Ned4 15.
h4 e6 16. h5 f5 17. hxg6 hxg6 18. Bh3 Rc8 19. Kg2 Rc7 20. Rh1 Bh8 21. g4 Rh7
22. exf5 gxf5 23. g5 Qe8 24. Kf2 Ne7 25. Be3 Ng6 26. b4 axb4 27. axb4 cxb4 28.
Ne2 Nxe2 29. Qxe2 Bc3 30. Bg2 Rff7 31. Bf3 Qd7 32. Bh5 Rfg7 33. Qa2 Nf8 34. Qa8
b5 35. Rbg1 Qb7 36. Qe8 Re7 37. Qxb5 Qxb5 38. cxb5 Nd7 39. Ke2 d5 40. Ba7 e5
41. Kd1 b3 42. g6 Rhg7 43. b6 Bd4 44. Rg5 Nxb6 45. Bxb6 Bxb6 46. Rxf5 b2 47.
Kc2 Rc7+ 48. Kb1 Be3 49. Bd1 Rc1+ 50. Kxb2 Rb7+ 51. Ka2 Bd4 52. Rf8+ Kxf8 53.
Rh8+ Kg7 54. Rh7+ Kxg6 55. Rxb7 Ra1+ 0-1

[Event "29th Metz Open - A"]
[Site "Longeville-les-Metz"]
[Date "2011.05.05"]
[Round "6.10"]
[White "Michiels, Bart"]
[Black "Lalic, Bogdan"]
[Result "1/2-1/2"]
[WhiteElo "2484"]
[BlackElo "2469"]
[PlyCount "83"]
[EventDate "2011.05.02"]
[Source "Roland WIMMER, Pierre BECKER (FA)"]
[SourceDate "2011.05.18"]

1. e4 e5 2. Bc4 Nf6 3. d3 Nc6 4. Nf3 Bc5 5. c3 a6 6. O-O Ba7 7. Re1 d6 8. Bb3
h6 9. Nbd2 O-O 10. Nf1 Be6 11. Bc2 Re8 12. h3 d5 13. Qe2 Qd7 14. Ng3 Rad8 15.
Kh2 dxe4 16. dxe4 Qe7 17. Be3 Bxe3 18. Qxe3 Rd7 19. b4 Red8 20. a4 Bc4 21. Red1
Rxd1 22. Rxd1 Rxd1 23. Bxd1 Ne8 24. Nd2 Be6 25. a5 Nd6 26. Ba4 Nb5 27. Qd3 Nca7
28. Nb3 Qd6 29. Qe3 b6 30. Nf5 Bxf5 31. exf5 e4+ 32. g3 Qd3 33. axb6 Qxe3 34.
fxe3 cxb6 35. Bxb5 Nxb5 36. c4 Nd6 37. c5 bxc5 38. Nxc5 Nxf5 39. Nxe4 Nxe3 40.
Nc5 Kf8 41. Nxa6 Ke7 42. Nc5 1/2-1/2

[Event "29th Metz Open - A"]
[Site "Longeville-les-Metz"]
[Date "2011.05.05"]
[Round "6.12"]
[White "Peric, Slavisa"]
[Black "Donchenko, Anatoly"]
[Result "1/2-1/2"]
[WhiteElo "2227"]
[BlackElo "2397"]
[PlyCount "55"]
[EventDate "2011.05.02"]
[Source "Roland WIMMER, Pierre BECKER (FA)"]
[SourceDate "2011.05.18"]

1. d4 d5 2. Bf4 e6 3. e3 Bd6 4. Bg3 Ne7 5. Bd3 c5 6. c3 Nbc6 7. Nf3 b6 8. Nbd2
Bb7 9. Qe2 h6 10. dxc5 bxc5 11. e4 O-O 12. exd5 exd5 13. O-O Bxg3 14. hxg3 Qd6
15. Rfe1 Rfe8 16. Rad1 Kf8 17. Qf1 Ng6 18. Bxg6 fxg6 19. Qb5 Rxe1+ 20. Rxe1 Rb8
21. Qe2 Ne7 22. Nb3 Ba6 23. Qe6 Qxe6 24. Rxe6 Bc8 25. Re2 Ba6 26. Re6 Bc8 27.
Re2 Ba6 28. Re6 1/2-1/2

[Event "29th Metz Open - A"]
[Site "Longeville-les-Metz"]
[Date "2011.05.05"]
[Round "6.13"]
[White "Zienkiewicz, Alexandre"]
[Black "Shirazi, Kamran"]
[Result "0-1"]
[WhiteElo "2069"]
[BlackElo "2369"]
[PlyCount "42"]
[EventDate "2011.05.02"]
[Source "Roland WIMMER, Pierre BECKER (FA)"]
[SourceDate "2011.05.18"]

1. d4 d5 2. c4 e5 3. e3 Nc6 4. Nf3 exd4 5. Nxd4 Nf6 6. Nxc6 bxc6 7. Qc2 Bd6 8.
c5 Be7 9. Nd2 O-O 10. Bd3 a5 11. b3 d4 12. Nf3 dxe3 13. Bxe3 Nd5 14. Bxh7+ Kh8
15. Nd4 Nxe3 16. fxe3 Bg5 17. Kf2 g6 18. Bxg6 fxg6+ 19. Nf3 Bf5 20. e4 Bg4 21.
Rad1 Qf6 0-1

[Event "29th Metz Open - A"]
[Site "Longeville-les-Metz"]
[Date "2011.05.05"]
[Round "6.14"]
[White "Praveen Kumar, C."]
[Black "Schweitzer, Viktoriya"]
[Result "1-0"]
[WhiteElo "2358"]
[BlackElo "2230"]
[PlyCount "51"]
[EventDate "2011.05.02"]
[Source "Roland WIMMER, Pierre BECKER (FA)"]
[SourceDate "2011.05.18"]

1. d4 Nf6 2. Nf3 g6 3. Nc3 Bg7 4. e4 d6 5. Be3 c6 6. Qd2 b5 7. a3 Qa5 8. Rd1
Ng4 9. Bf4 O-O 10. Be2 Nd7 11. O-O e5 12. dxe5 dxe5 13. Bg5 Re8 14. h3 Ngf6 15.
Bh6 Bh8 16. Ng5 Bg7 17. Bxg7 Kxg7 18. f4 Qc7 19. f5 h6 20. Nxf7 Kxf7 21. Qxh6
g5 22. Bh5+ Nxh5 23. Qxh5+ Kf8 24. Qh8+ Kf7 25. Qh7+ Kf8 26. f6 1-0

[Event "29th Metz Open - A"]
[Site "Longeville-les-Metz"]
[Date "2011.05.05"]
[Round "6.15"]
[White "Marzolf, Bruno"]
[Black "Pucher, Sebastien"]
[Result "1-0"]
[WhiteElo "2254"]
[BlackElo "2227"]
[PlyCount "53"]
[EventDate "2011.05.02"]
[Source "Roland WIMMER, Pierre BECKER (FA)"]
[SourceDate "2011.05.18"]

1. e4 c5 2. Nf3 d6 3. d4 cxd4 4. Nxd4 Nf6 5. Nc3 a6 6. a4 e5 7. Nde2 Be7 8. g3
Be6 9. Bg2 h5 10. h3 Nc6 11. Be3 Nb4 12. f4 Rc8 13. O-O d5 14. fxe5 Nxe4 15.
Kh2 h4 16. g4 Qc7 17. Kh1 Bc5 18. Nxe4 dxe4 19. Bxc5 Qxc5 20. Nc3 Qxe5 21. Nxe4
O-O 22. c3 Rfd8 23. Qf3 Rd3 24. Qf2 Nc6 25. Qxh4 f6 26. Rae1 Qc7 27. Nxf6+ 1-0

[Event "29th Metz Open - A"]
[Site "Longeville-les-Metz"]
[Date "2011.05.05"]
[Round "6.17"]
[White "Frick, Christoph"]
[Black "Grosdemange, David"]
[Result "1/2-1/2"]
[WhiteElo "2190"]
[BlackElo "2037"]
[PlyCount "110"]
[EventDate "2011.05.02"]
[Source "Roland WIMMER, Pierre BECKER (FA)"]
[SourceDate "2011.05.18"]

1. Nc3 d5 2. e4 d4 3. Nce2 e5 4. Ng3 Be6 5. Nf3 f6 6. b3 Nd7 7. Bc4 Bxc4 8.
bxc4 d3 9. O-O dxc2 10. Qxc2 Bc5 11. Rb1 Ne7 12. Bb2 Nc6 13. d4 exd4 14. Nf5
O-O 15. Rfd1 Qe8 16. N3xd4 Nxd4 17. Bxd4 Bxd4 18. Rxd4 Nc5 19. Rbd1 b6 20. Qe2
g6 21. Qg4 Kh8 22. Ne3 Rf7 23. Qh4 Kg7 24. Nd5 Qc6 25. Ne3 Re8 26. Nd5 Re5 27.
f3 Ne6 28. R4d2 Rh5 29. Qf2 Qxc4 30. Rc2 Qa4 31. Rdc1 Nc5 32. Rc4 Qb5 33. Qd4
Qe8 34. Nf4 Re5 35. Qc3 Rd7 36. Nd5 Qe6 37. h3 c6 38. Ne3 Rd3 39. Qe1 Qd6 40.
Kh1 Re7 41. R4c3 Rd7 42. R3c2 Qd4 43. Nc4 Rd1 44. Rxd1 Qxd1 45. Qxd1 Rxd1+ 46.
Kh2 h5 47. Kg3 Kf7 48. e5 Rd4 49. h4 Ke6 50. Na5 Kd5 51. exf6 bxa5 52. f7 Nd7
53. Re2 c5 54. Re7 Nf8 55. Re8 Nh7 1/2-1/2

[Event "29th Metz Open - A"]
[Site "Longeville-les-Metz"]
[Date "2011.05.06"]
[Round "7.3"]
[White "Maiorov, Nikita (*85)"]
[Black "Svetushkin, Dmitry"]
[Result "1-0"]
[WhiteElo "2528"]
[BlackElo "2561"]
[PlyCount "79"]
[EventDate "2011.05.02"]
[Source "Roland WIMMER, Pierre BECKER (FA)"]
[SourceDate "2011.05.18"]

1. d4 d5 2. c4 e6 3. Nf3 Nf6 4. e3 c5 5. cxd5 exd5 6. Bb5+ Bd7 7. Bxd7+ Nbxd7
8. dxc5 Nxc5 9. O-O Be7 10. Bd2 O-O 11. Bc3 Rc8 12. Be5 Qd7 13. Nc3 Rfd8 14.
Qe2 a6 15. Rfd1 Qe6 16. h3 b5 17. Qf1 Nfe4 18. Bd4 Nxc3 19. Bxc3 Ne4 20. Ba5
Re8 21. Nd4 Qd7 22. Be1 Bf6 23. Rab1 Nc5 24. Bb4 Ne6 25. Nf5 Nc5 26. Ng3 g6 27.
Ne2 Ne4 28. f3 Nc5 29. Nf4 d4 30. e4 Bg7 31. Nd5 Qa7 32. Rbc1 Kh8 33. Kh1 Na4
34. Qf2 a5 35. Bd6 Rxc1 36. Rxc1 Qd7 37. Bf4 Rc8 38. Rd1 d3 39. b3 Rc2 40. Qh4
1-0

[Event "29th Metz Open - A"]
[Site "Longeville-les-Metz"]
[Date "2011.05.06"]
[Round "7.4"]
[White "Spirin, Oleg"]
[Black "Eingorn, Vereslav S"]
[Result "1/2-1/2"]
[WhiteElo "2479"]
[BlackElo "2558"]
[PlyCount "59"]
[EventDate "2011.05.02"]
[Source "Roland WIMMER, Pierre BECKER (FA)"]
[SourceDate "2011.05.18"]

1. d4 d6 2. Nf3 g6 3. c4 Bg7 4. g3 c5 5. dxc5 Qa5+ 6. Nbd2 dxc5 7. Bg2 Nf6 8.
O-O O-O 9. Ne5 Qc7 10. Ndf3 Nfd7 11. Nxd7 Nxd7 12. Qc2 Qb6 13. h3 Re8 14. Rd1
Nf8 15. Rb1 Bd7 16. Bd2 Rad8 17. b3 Bf5 18. e4 Bc8 19. Bc3 Rxd1+ 20. Rxd1 Rd8
21. Bxg7 Rxd1+ 22. Qxd1 Kxg7 23. Qd5 Qc7 24. Kh2 b6 25. h4 Ne6 26. Qd3 Qd8 27.
Qd5 Qc7 28. Qd3 Qd8 29. Qd5 Qc7 30. Qd3 1/2-1/2

[Event "29th Metz Open - A"]
[Site "Longeville-les-Metz"]
[Date "2011.05.06"]
[Round "7.6"]
[White "Kravtsiv, Martyn"]
[Black "Lalic, Bogdan"]
[Result "1/2-1/2"]
[WhiteElo "2565"]
[BlackElo "2469"]
[PlyCount "60"]
[EventDate "2011.05.02"]
[Source "Roland WIMMER, Pierre BECKER (FA)"]
[SourceDate "2011.05.18"]

1. e4 c6 2. d4 d5 3. e5 Bf5 4. Nd2 e6 5. Nb3 Nd7 6. Nf3 a5 7. a4 Bb4+ 8. c3 Be7
9. Be2 Bg6 10. h4 Bh5 11. g3 Qb6 12. O-O Nh6 13. Bxh6 gxh6 14. Nfd2 Bxe2 15.
Qxe2 Rg8 16. Kg2 Bxh4 17. Qh5 Be7 18. Qxh6 Nf8 19. Qh5 Qa6 20. Nc1 b6 21. Qe2
Qxe2 22. Nxe2 h5 23. Rh1 h4 24. Kf3 hxg3 25. fxg3 c5 26. Rac1 Ng6 27. Rh7 Nf8
28. Rhh1 Ng6 29. Rh7 Nf8 30. Rhh1 Ng6 1/2-1/2

[Event "29th Metz Open - A"]
[Site "Longeville-les-Metz"]
[Date "2011.05.06"]
[Round "7.10"]
[White "Shirazi, Kamran"]
[Black "Miezis, Normunds"]
[Result "0-1"]
[WhiteElo "2369"]
[BlackElo "2542"]
[PlyCount "66"]
[EventDate "2011.05.02"]
[Source "Roland WIMMER, Pierre BECKER (FA)"]
[SourceDate "2011.05.18"]

1. e4 c5 2. Nf3 e6 3. b3 Nc6 4. Bb2 b6 5. d4 cxd4 6. Nxd4 Qf6 7. c3 Bb7 8. Nb5
Qe5 9. Nd2 a6 10. Nd4 Nf6 11. Bd3 Qc7 12. Qe2 Ne5 13. Bc2 Bc5 14. Rc1 Rc8 15.
O-O Ng6 16. b4 Be7 17. g3 h5 18. Bd3 Ra8 19. N2f3 Ng4 20. Rfe1 N6e5 21. Nxe5
Nxe5 22. Bb1 h4 23. a3 Nc4 24. e5 hxg3 25. fxg3 Bg5 26. Qg4 Bh6 27. Rc2 Ne3 28.
Rxe3 Bxe3+ 29. Kf1 Qxe5 30. Re2 Qd5 31. Be4 Qxe4 32. Qxe4 Bxe4 33. Rxe3 Rxh2
0-1